00000000nam##2200000za#4500
0019.687644
003CaOODSP
00520250120163814
007cr |||||||||||
008150407|2005||||xxc|||||o    f|0| 0 eng|d
020 |a0-662-41031-9
040 |aCaOODSP|beng
043 |an-cn---
0861 |aCD4-28/5-2005E-PDF
1101 |aCanada.|bCanadian International Development Agency.
24510|aBrazil-Canada Equity Promotion Program - KEEP intra-Brazil. Booklet 5 |h[electronic resource]
260 |aOttawa - Ontario : |bCanadian International Development Agency |c2005.
300 |a6p.|billus.
590 |a08-02-Supp|b2008-04-07
69007|aAid programs|2gcpds
69007|aInternational cooperation|2gcpds
69007|aInternational development|2gcpds
69007|aSocial equity|2gcpds
77508|tProgramme Brésil-Canada de promotion de l'équité - PECPE intra-Brésil. Livret 5 |w(CaOODSP)9.632085
77508|t[Brazil-Canada Equity Promotion Program - KEEP intra-Brazil. Booklet 5] |w(CaOODSP)9.674441
85640|ahttp://publications.gc.ca|qPDF|s347 KB|uhttps://publications.gc.ca/collections/collection_2007/cida-acdi/CD4-28-5-2005E.pdf